| 000 | 00984nam a2200277 i 4500 | ||
|---|---|---|---|
| 001 | bg | ||
| 245 | 0 | 0 |
_aEkologia : _bjej związki z różnymi dziedzinami wiedzy : wybrane zagadnienia / _cpod red. Alicji Kurnatowskiej ; [aut. Wirgiliusz Duda et al.]. |
| 250 | _aWyd. 3 uzup. i popr. | ||
| 260 |
_aWarszawa ; _aŁódź : _bWydaw. Naukowe PWN, _c1999. |
||
| 300 |
_a331, [1] s. : _bfot., mapa, rys., wykr. ; _c24 cm. |
||
| 500 | _aNazwy aut. na s. 6. | ||
| 504 | _aBibliogr. przy pracach. | ||
| 521 | _aDla studentów kierunków ekologicznych uniwersytetów, politechnik oraz akademii medycznych. | ||
| 650 | 9 | _aEkologia | |
| 650 | 9 |
_aŚrodowisko człowieka _xhigiena i ochrona |
|
| 655 | _aPodręczniki akademickie | ||
| 700 | 1 |
_aKURNATOWSKA, Alicja. _eRed. |
|
| 700 | 1 | _aDUDA, Wirgiliusz | |
| 020 | _a8301128313 | ||
| 040 | _cBPK | ||
| 041 | 0 | _apl | |
| 080 | _a574:504](075.8) | ||
| 920 | _a83-01-12831-3 | ||
| 942 | _cKS | ||
| 008 | s pl f |000 0 pol | ||
| 999 |
_c36792 _d36792 |
||
| 856 |
_uhttp://koha.tu.koszalin.pl/cgi-bin/koha/opac-detail.pl?biblionumber=36792 _yKatalog online BPK |
||